<?xml version="1.0" encoding="UTF-8"?>
<record
    xmlns:xsi="http://www.w3.org/2001/XMLSchema-instance"
    xsi:schemaLocation="http://www.loc.gov/MARC21/slim http://www.loc.gov/standards/marcxml/schema/MARC21slim.xsd"
    xmlns="http://www.loc.gov/MARC21/slim">

  <leader>02413nam a22002417a 4500</leader>
  <controlfield tag="003">OSt</controlfield>
  <controlfield tag="005">20210527115613.0</controlfield>
  <controlfield tag="008">180801b        xxu||||| |||| 00| 0 eng d</controlfield>
  <datafield tag="020" ind1=" " ind2=" ">
    <subfield code="a">9781408066614</subfield>
  </datafield>
  <datafield tag="040" ind1=" " ind2=" ">
    <subfield code="c">LC</subfield>
  </datafield>
  <datafield tag="050" ind1=" " ind2=" ">
    <subfield code="a">KD1629.A2</subfield>
  </datafield>
  <datafield tag="100" ind1=" " ind2=" ">
    <subfield code="a">Abbott, Keith. </subfield>
  </datafield>
  <datafield tag="245" ind1=" " ind2=" ">
    <subfield code="a">Business law . /</subfield>
    <subfield code="c">Keith Abbott, Norman Pendlebury and Kevin Wardman. </subfield>
  </datafield>
  <datafield tag="250" ind1=" " ind2=" ">
    <subfield code="a">9th ed.</subfield>
  </datafield>
  <datafield tag="260" ind1=" " ind2=" ">
    <subfield code="a">Andover, Hampshire:</subfield>
    <subfield code="b">Cengage Learning,</subfield>
    <subfield code="c">2013.</subfield>
  </datafield>
  <datafield tag="300" ind1=" " ind2=" ">
    <subfield code="a">xxi, 677 p. :</subfield>
    <subfield code="b">ill. ;</subfield>
  </datafield>
  <datafield tag="500" ind1=" " ind2=" ">
    <subfield code="a">Includes appendix and index.</subfield>
  </datafield>
  <datafield tag="505" ind1=" " ind2=" ">
    <subfield code="a">Contents: Methods of learning -- Examination technique -- Part I: The English legal system -- Introduction -- The Main sources of English Law -- Origins of common law and equity  -- The Courts -- Tribunals and arbitration --  The Personnel of the law -- Procedure and evidence -- The Law of persons -- Property law -- Part II: What is a contract? -- Capacity to contract -- The Contents of contracts -- Invalidating factors -- Discharge of contracts -- Remedies for breach of contracts -- Privity of contracts -- Part III: The nature of a Tort -- General Defenses -- Capacity in Tort-- Negligence -- Strict liability -- Nuisance -- Trespass and Conversion -- Defamation  - Remedies and limitation Periods -- Part IV: Agency -- Sale of Goods -- Consumer protection -- Competition policy -- Consumer credit -- Insurance -- Patents, copyright, trade Marks and passing-off --  The Data Protection -- Regulatory bodies -- Part V: Non-corporate bodies  -Corporate bodies- the Company -- The Articles of Association -- Share capital -- Loan capital -- Membership and minority protection -- Directors and the secretary -- Auditors and investigations -- Meetings resolutions and publicity -- Re-constructions, mergers and takeovers - Liquidation, administration (and administration orders), receivership and voluntary arrangements --  Part VI: Employment law  -- Employees and independent contractors -- The Contract of employment  -- The Common Law duties of an employee -- Duties of an employer -- Wages -- Maternity rights -- Equality -- Termination of contracts of employment -- Redundancy -- Social Security -- Industrial inquiries: employers liability -- Health and safety at work -- Institutions and tribunals -- Trade Unions .</subfield>
  </datafield>
  <datafield tag="653" ind1=" " ind2=" ">
    <subfield code="a">	Business law -- England. Business law -- Wales.</subfield>
  </datafield>
  <datafield tag="700" ind1=" " ind2=" ">
    <subfield code="a">Pendllebury, Norman.</subfield>
  </datafield>
  <datafield tag="720" ind1=" " ind2=" ">
    <subfield code="a">Wardman, Kevin</subfield>
  </datafield>
  <datafield tag="942" ind1=" " ind2=" ">
    <subfield code="2">lcc</subfield>
    <subfield code="c">BK</subfield>
  </datafield>
  <datafield tag="999" ind1=" " ind2=" ">
    <subfield code="c">7610</subfield>
    <subfield code="d">15110</subfield>
  </datafield>
  <datafield tag="952" ind1=" " ind2=" ">
    <subfield code="0">0</subfield>
    <subfield code="1">0</subfield>
    <subfield code="2">lcc</subfield>
    <subfield code="4">0</subfield>
    <subfield code="7">0</subfield>
    <subfield code="a">WIUC-KL</subfield>
    <subfield code="b">WIUC-KL</subfield>
    <subfield code="c">LL</subfield>
    <subfield code="d">2019-08-27</subfield>
    <subfield code="o">KD1269.A2</subfield>
    <subfield code="p">KSL/141/19</subfield>
    <subfield code="r">2021-05-27 00:00:00</subfield>
    <subfield code="t">1</subfield>
    <subfield code="w">2021-05-27</subfield>
    <subfield code="y">BK</subfield>
  </datafield>
  <datafield tag="952" ind1=" " ind2=" ">
    <subfield code="0">0</subfield>
    <subfield code="1">0</subfield>
    <subfield code="2">lcc</subfield>
    <subfield code="4">0</subfield>
    <subfield code="7">0</subfield>
    <subfield code="a">WIUC-KL</subfield>
    <subfield code="b">WIUC-KL</subfield>
    <subfield code="c">LL</subfield>
    <subfield code="d">2019-08-27</subfield>
    <subfield code="o">KD1269.A21</subfield>
    <subfield code="p">KSL/142/19</subfield>
    <subfield code="r">2021-05-27 00:00:00</subfield>
    <subfield code="t">2</subfield>
    <subfield code="w">2021-05-27</subfield>
    <subfield code="y">BK</subfield>
  </datafield>
  <datafield tag="952" ind1=" " ind2=" ">
    <subfield code="0">0</subfield>
    <subfield code="1">0</subfield>
    <subfield code="2">lcc</subfield>
    <subfield code="4">0</subfield>
    <subfield code="7">0</subfield>
    <subfield code="a">WIUC-KL</subfield>
    <subfield code="b">WIUC-KL</subfield>
    <subfield code="c">LL</subfield>
    <subfield code="d">2019-08-27</subfield>
    <subfield code="o">KD1269.A22</subfield>
    <subfield code="p">KSL/143/19</subfield>
    <subfield code="r">2021-05-27 00:00:00</subfield>
    <subfield code="t">3</subfield>
    <subfield code="w">2021-05-27</subfield>
    <subfield code="y">BK</subfield>
  </datafield>
</record>
